|
|
|
|
| LEADER |
00000nam0a2200000 4500 |
| 001 |
66344 |
| 005 |
20231101212244.0 |
| 035 |
|
|
|a (RuTPU)RU\TPU\book\70514
|
| 090 |
|
|
|a 66344
|
| 100 |
|
|
|a 20040813d1962 km y0rusy50 ca
|
| 101 |
0 |
|
|a rus
|
| 102 |
|
|
|a RU
|
| 105 |
|
|
|a y e 000zy
|
| 200 |
1 |
|
|a Англо-русский политехнический словарь
|e [Около 75 000 терминов]
|f Под ред. А.Е.Чернухина
|
| 210 |
|
|
|a Москва
|c Физматгиз
|d 1962
|
| 215 |
|
|
|a 664 с.
|
| 606 |
|
|
|a Английский язык
|x Терминологические словари
|2 stltpush
|3 (RuTPU)RU\TPU\subj\29063
|9 52475
|
| 606 |
|
|
|a Техника
|2 stltpush
|3 (RuTPU)RU\TPU\subj\60019
|9 77509
|
| 610 |
1 |
|
|a словари
|
| 610 |
1 |
|
|a политехнические словари
|
| 675 |
|
|
|a 62(038)
|v 3
|
| 686 |
|
|
|a Ш143.21-43
|2 rubbk
|
| 702 |
|
1 |
|a Чернухин
|b А. Е.
|g Адольф Ефимович
|4 340
|
| 801 |
|
0 |
|a RU
|b 63413507
|c 20011209
|g PSBO
|
| 801 |
|
2 |
|a RU
|b 63413507
|c 20170922
|g PSBO
|
| 942 |
|
|
|c BK
|